000 00418nam a2200205Ia 4500
001 000794
003 YMCAF
005 20230512160034.0
008 100717s1971 ||||||||||||||||| ||und|d
024 _a794
035 _a776
040 _aYMCAF
_beng
_cIN-KoLT
041 _aeng
082 _aELE-SHA
100 _aSHAH KD.
245 0 _aELECTRICAL TECHNOLOGY
260 _c1971
300 _a206
942 _2ddc
_cBK
999 _c617
_d617